Online
Catalog

Tras las huellas : (Record no. 49522)

MARC details
000 -CABECERA
campo de control de longitud fija 01160nam a22002777a 4500
003 - IDENTIFICADOR DEL NÚMERO DE CONTROL
campo de control OSt
005 - FECHA Y HORA DE LA ÚLTIMA TRANSACCIÓN
campo de control 20210630125610.0
007 - CAMPO FIJO DE DESCRIPCIÓN FÍSICA--INFORMACIÓN GENERAL
campo de control de longitud fija ta
008 - DATOS DE LONGITUD FIJA--INFORMACIÓN GENERAL
campo de control de longitud fija 210309b 2020 dr a 00| 0 eng d
020 ## - NÚMERO INTERNACIONAL ESTÁNDAR DEL LIBRO
Número Internacional Estándar del Libro 9789945917352
040 ## - FUENTE DE LA CATALOGACIÓN
Centro catalogador/agencia de origen DO-SdBNP
Lengua de catalogación spa
Centro/agencia transcriptor BNPHU
082 #4 - NÚMERO DE LA CLASIFICACIÓN DECIMAL DEWEY
Número de edición 22
Número de clasificación 616.89156
Número de documento/Ítem F673t
100 1# - ENTRADA PRINCIPAL--NOMBRE DE PERSONA
Nombre de persona Foundeur, Eleonora
9 (RLIN) 78046
245 10 - MENCIÓN DE TÍTULO
Título Tras las huellas :
Resto del título alcances y límites de la terapia de constelaciones familiares individuales y grupales desde mi práctica terapéutica profesional /
Mención de responsabilidad, etc. Eleonora Fondeur ; edición, Piero Espinal Estévez ; ilustraciones, Juan José Vásquez ; prólogo, Isabela Oliveira.
260 ## - PUBLICACIÓN, DISTRIBUCIÓN, ETC.
Lugar de publicación, distribución, etc. San José de las Matas, República Dominicana :
Nombre del editor, distribuidor, etc. Opus,
Fecha de publicación, distribución, etc. 2020.
300 ## - DESCRIPCIÓN FÍSICA
Extensión 150 p. :
Otras características físicas il. ;
Dimensiones 22 cm.
500 ## - NOTA GENERAL
Nota general Incluye datos biográficos de la autora en las solapas.
504 ## - NOTA DE BIBLIOGRAFÍA, ETC.
Nota de bibliografía, etc. Bibliografía : p. 11-115
590 ## - NOTA LOCAL (RLIN)
Nota local Inventariado, 2021 /LP<br/><br/><br/>
650 ## - PUNTO DE ACCESO ADICIONAL DE MATERIA--TÉRMINO DE MATERIA
Término de materia o nombre geográfico como elemento de entrada Psicoterapia familiar
9 (RLIN) 35236
700 1# - PUNTO DE ACCESO ADICIONAL--NOMBRE DE PERSONA
Nombre de persona Espinal Estévez, Piero,
Término indicativo de función/relación edición
9 (RLIN) 3550
700 1# - PUNTO DE ACCESO ADICIONAL--NOMBRE DE PERSONA
Nombre de persona Oliveira, Isabela,
Término indicativo de función/relación prólogo
9 (RLIN) 78047
700 1# - PUNTO DE ACCESO ADICIONAL--NOMBRE DE PERSONA
Nombre de persona Vásquez, Juan José,
Término indicativo de función/relación il.
9 (RLIN) 78048
910 ## - DATOS DE OPCIÓN DEL USUARIO (OCLC)
Datos de opción del usuario Validado. Control de calidad MFF
942 ## - ELEMENTOS DE PUNTO DE ACCESO ADICIONAL (KOHA)
Fuente del sistema de clasificación o colocación Dewey Decimal Classification
Tipo de ítem Koha Libro
Holdings
Estado de retiro Estado de pérdida Fuente del sistema de clasificación o colocación Restricciones de uso No para préstamo Código de colección Localización permanente Ubicación/localización actual Ubicación en estantería Fecha de adquisición Fuente de adquisición Total de préstamos Signatura topográfica completa Código de barras Fecha visto por última vez Precio válido a partir de Tipo de ítem Koha Número de copia
    Dewey Decimal Classification Préstamo en sala   Monografías: Libros y Folletos Biblioteca Nacional Pedro Henríquez Ureña General Depósito 09.03.2021 Depósito Legal   BNPHU DS 616.89156 F673t 2021-0703 09.03.2021 09.03.2021 Libro e. 3
    Dewey Decimal Classification Préstamo en sala   Monografías: Libros y Folletos Biblioteca Nacional Pedro Henríquez Ureña General Depósito 09.03.2021 Donación   BNPHU DS 616.89156 F673t 2021-0705 09.03.2021 09.03.2021 Libro e. 4
    Dewey Decimal Classification Préstamo en sala   Monografías: Libros y Folletos Biblioteca Nacional Pedro Henríquez Ureña General Depósito 09.03.2021 Donación   BNPHU DS 616.89156 F673t 2021-0706 09.03.2021 09.03.2021 Libro e. 5
    Dewey Decimal Classification Excluido de préstamo Excluido de préstamo Monografías: Libros y Folletos Biblioteca Nacional Pedro Henríquez Ureña Patrimonio Dominicano Depósito 09.03.2021 Depósito Legal   BNPHU PD 616.89156 F673t 2021-0701 09.03.2021 09.03.2021 Libro  
    Dewey Decimal Classification Excluido de préstamo Préstamo restrigido Monografías: Libros y Folletos Biblioteca Nacional Pedro Henríquez Ureña Patrimonio Dominicano Depósito 09.03.2021 Depósito Legal   BNPHU PD 616.89156 F673t 2021-0702 09.03.2021 09.03.2021 Libro e. 2

Powered by Koha